<?xml version="1.0" encoding="UTF-8"?>
<record
    xmlns:xsi="http://www.w3.org/2001/XMLSchema-instance"
    xsi:schemaLocation="http://www.loc.gov/MARC21/slim http://www.loc.gov/standards/marcxml/schema/MARC21slim.xsd"
    xmlns="http://www.loc.gov/MARC21/slim">

  <leader>02027 am a2200445 a 4500</leader>
  <controlfield tag="005">20240520130453.0</controlfield>
  <controlfield tag="008">100406s2007||||ag a   f |||| 001 0 spa d</controlfield>
  <datafield tag="020" ind1=" " ind2=" ">
    <subfield code="a">9789872309282</subfield>
  </datafield>
  <datafield tag="041" ind1=" " ind2=" ">
    <subfield code="a">spa</subfield>
  </datafield>
  <datafield tag="092" ind1=" " ind2=" ">
    <subfield code="c">617.55</subfield>
    <subfield code="l">10</subfield>
    <subfield code="s">CAN</subfield>
  </datafield>
  <datafield tag="245" ind1=" " ind2=" ">
    <subfield code="a">C&#xE1;ncer Colorrectal. </subfield>
    <subfield code="b">Clinicas Quir&#xFA;rgicas del Hospital Italiano /</subfield>
    <subfield code="c">Carlos A. Vaccaro</subfield>
  </datafield>
  <datafield tag="250" ind1=" " ind2=" ">
    <subfield code="a">1a ed.</subfield>
    <subfield code="b">Director Cl&#xED;nicas Quir&#xFA;rgicas Sung Ho Hyon</subfield>
  </datafield>
  <datafield tag="260" ind1=" " ind2=" ">
    <subfield code="a">Buenos Aires: </subfield>
    <subfield code="b">delhospital ediciones;</subfield>
    <subfield code="c">2007.</subfield>
  </datafield>
  <datafield tag="300" ind1=" " ind2=" ">
    <subfield code="a">460 p.</subfield>
    <subfield code="c">22x16 cm.</subfield>
  </datafield>
  <datafield tag="500" ind1=" " ind2=" ">
    <subfield code="a">Vaccaro, C. A. et al. (2007). C&#xE1;ncer Colorrectal. Cl&#xED;nicas Quir&#xFA;rgicas del Hospital Italiano. (1a ed.) Buenos Aires : delhospital ediciones.</subfield>
  </datafield>
  <datafield tag="590" ind1=" " ind2=" ">
    <subfield code="a">Donaci&#xF3;n Hospital Italiano, 2007. </subfield>
  </datafield>
  <datafield tag="653" ind1=" " ind2=" ">
    <subfield code="a">Epidemiolog&#xED;a y registros de c&#xE1;ncer Colorrectal</subfield>
  </datafield>
  <datafield tag="653" ind1=" " ind2=" ">
    <subfield code="a">Carcinog&#xE9;nesis y clasificaci&#xF3;n molecular del c&#xE1;ncer colorrectal</subfield>
  </datafield>
  <datafield tag="653" ind1=" " ind2=" ">
    <subfield code="a">Sindromes hereditarios</subfield>
  </datafield>
  <datafield tag="653" ind1=" " ind2=" ">
    <subfield code="a">Prevenci&#xF3;n primaria</subfield>
  </datafield>
  <datafield tag="653" ind1=" " ind2=" ">
    <subfield code="a">Manejo de p&#xF3;lipos colorrectales</subfield>
  </datafield>
  <datafield tag="653" ind1=" " ind2=" ">
    <subfield code="a">Diagn&#xF3;sticos por im&#xE1;genes</subfield>
  </datafield>
  <datafield tag="653" ind1=" " ind2=" ">
    <subfield code="a">Enfermedad inflamatoria intestinal: factores de riesgo y estrategias de prevenci&#xF3;n</subfield>
  </datafield>
  <datafield tag="653" ind1=" " ind2=" ">
    <subfield code="a">Tratamiento quir&#xFA;rgico del c&#xE1;ncer de colon</subfield>
  </datafield>
  <datafield tag="653" ind1=" " ind2=" ">
    <subfield code="a">Factores pron&#xF3;sticos en el c&#xE1;ncer colorrectal</subfield>
  </datafield>
  <datafield tag="653" ind1=" " ind2=" ">
    <subfield code="a">Aspectos t&#xE9;cnicos de la cirug&#xED;a del c&#xE1;ncer de recto</subfield>
  </datafield>
  <datafield tag="653" ind1=" " ind2=" ">
    <subfield code="a">C&#xE1;ncer de recto: selecci&#xF3;n terap&#xE9;utica y resultados</subfield>
  </datafield>
  <datafield tag="653" ind1=" " ind2=" ">
    <subfield code="a">Met&#xE1;stasis hep&#xE1;ticas de c&#xE1;ncer colorrectal</subfield>
  </datafield>
  <datafield tag="653" ind1=" " ind2=" ">
    <subfield code="a">Tratamiento quir&#xFA;rgico de las met&#xE1;stasis pulmonares</subfield>
  </datafield>
  <datafield tag="653" ind1=" " ind2=" ">
    <subfield code="a">Carcinomatosis peritoneal y otras metastasis menos frecuentes</subfield>
  </datafield>
  <datafield tag="653" ind1=" " ind2=" ">
    <subfield code="a">Recidivas pelvianas: evaluaci&#xF3;n y tratamiento</subfield>
  </datafield>
  <datafield tag="653" ind1=" " ind2=" ">
    <subfield code="a">Tratamiento m&#xE9;dico del c&#xE1;ncer colorrectal avanzado</subfield>
  </datafield>
  <datafield tag="653" ind1=" " ind2=" ">
    <subfield code="a">Cuidados paliativos en c&#xE1;ncer colorrectal avanzado</subfield>
  </datafield>
  <datafield tag="700" ind1="1" ind2=" ">
    <subfield code="a">Varela, Emilio</subfield>
    <subfield code="e">Coeditor</subfield>
    <subfield code="9">308</subfield>
  </datafield>
  <datafield tag="700" ind1="1" ind2=" ">
    <subfield code="a">Vaccaro, Carlos A.</subfield>
    <subfield code="e">Editor</subfield>
    <subfield code="9">3815</subfield>
  </datafield>
  <datafield tag="700" ind1="1" ind2=" ">
    <subfield code="a">Lastiri, Jos&#xE9; M.</subfield>
    <subfield code="e">Coeditor</subfield>
    <subfield code="9">309</subfield>
  </datafield>
  <datafield tag="700" ind1="1" ind2=" ">
    <subfield code="a">Santaf&#xE9;, Lu&#xED;s</subfield>
    <subfield code="e">Coeditor</subfield>
    <subfield code="9">310</subfield>
  </datafield>
  <datafield tag="930" ind1=" " ind2=" ">
    <subfield code="a">1856</subfield>
  </datafield>
  <datafield tag="942" ind1=" " ind2=" ">
    <subfield code="2">ddc</subfield>
    <subfield code="c">BK</subfield>
  </datafield>
  <datafield tag="999" ind1=" " ind2=" ">
    <subfield code="c">229</subfield>
    <subfield code="d">229</subfield>
  </datafield>
  <datafield tag="952" ind1=" " ind2=" ">
    <subfield code="0">0</subfield>
    <subfield code="1">0</subfield>
    <subfield code="4">0</subfield>
    <subfield code="7">0</subfield>
    <subfield code="a">BFM</subfield>
    <subfield code="b">BFM</subfield>
    <subfield code="c">CR</subfield>
    <subfield code="d">2011-05-13</subfield>
    <subfield code="l">0</subfield>
    <subfield code="o">617.55 10 CAN</subfield>
    <subfield code="p">1856</subfield>
    <subfield code="r">2014-11-06</subfield>
    <subfield code="t">ej.1</subfield>
    <subfield code="w">2011-05-13</subfield>
    <subfield code="y">BK</subfield>
  </datafield>
</record>
